Les stations du métro parisien ouvertes entre 1919 & 1944 - Statistiques

Statistiques générales
  • Ce quiz a été pris 19 fois
  • Le résultat moyen est 48 sur 91
Statistiques - réponses
Ligne Initiale Réponse Rang % Correct
9 I Iéna 9
79%
3Bis & 11 P Porte des Lilas 1
79%
9 J Jasmin 4
71%
9 & 13 M Miromesnil 9
71%
3Bis P Pelleport 1
71%
8 B Balard 73
64%
8 & 9 B Bonne-Nouvelle 36
64%
8 F Faidherbe - Chaligny 36
64%
8 & 9 G Grands Boulevards 36
64%
11 J Jourdain 62
64%
11 M Mairie des Lilas 70
64%
8 P Porte Dorée 36
64%
11 P Pyrénées 62
64%
9 R Ranelagh 4
64%
9 R Robespierre 82
64%
3Bis S Saint-Fargeau 1
64%
9 A Alma - Marceau 13
57%
9 B Billancourt 54
57%
9 B Buzenval 52
57%
9 C Charonne 52
57%
8 C Chemin Vert 36
57%
13 G Gaîté 67
57%
7 & 10 J Jussieu 33
57%
8 L Ledru-Rollin 36
57%
7 L Les Gobelins 23
57%
9 M Maraîchers 47
57%
9 M Marcel Sembat 54
57%
8 M Michel Bizot 36
57%
8 M Montgallet 36
57%
13 P Pernety 67
57%
13 P Plaisance 67
57%
1 P Pont de Neuilly 71
57%
8 P Porte de Charenton 36
57%
9 P Porte de Montreuil 47
57%
11 R Rambuteau 62
57%
8 & 9 R Richelieu - Drouot 22
57%
9 R Rue des Boulets 47
57%
7 T Tolbiac 28
57%
9 V Voltaire 47
57%
3 A Anatole France 79
50%
1 B Bérault 57
50%
8 B Boucicaut 73
50%
10 C Cardinal Lemoine 33
50%
7 C Censier - Daubenton 23
50%
1 C Château de Vincennes 57
50%
8 C Commerce 73
50%
10 & 13 D Duroc 15
50%
9 E Exelmans 4
50%
8 F Félix Faure 73
50%
11 G Goncourt 62
50%
9 L La Muette 4
50%
1 L Les Sablons 71
50%
8 L Liberté 82
50%
3 L Louise Michel 79
50%
8 L Lourmel 73
50%
10 M Mabillon 19
50%
9 M Mairie de Montreuil 82
50%
12 M Mairie d'Issy 57
50%
7 & 14 M Maison Blanche 28
50%
7 P Place Monge 23
50%
9 P Pont de Sèvres 54
50%
7 P Porte de Choisy 28
50%
13 P Porte de Vanves 67
50%
7 P Porte d'Italie 28
50%
9 R Rue de la Pompe 4
50%
9 S Saint-Ambroise 47
50%
9 S Saint-Augustin 9
50%
1 S Saint-Mandé 57
50%
9 S Saint-Philippe du Roule 9
50%
10 S Ségur 73
50%
11 T Télégraphe 62
50%
10 V Vaneau 15
50%
13 V Varenne 15
50%
10 C Cluny - La Sorbonne 23
43%
12 C Corentin Celton 57
43%
9 C Croix de Chavaux 82
43%
8 F Filles du Calvaire 36
43%
5 H Hoche 87
43%
10 M Maubert - Mutualité 23
43%
3 P Pont de Levallois - Bécon 79
43%
7 P Pont-Neuf 20
43%
5 P Porte de Pantin 87
43%
9 P Porte de Saint-Cloud 14
43%
10 P Porte d'Ivry 33
43%
8 S Saint-Sébastien - Froissart 36
43%
5 E Église de Pantin 87
36%
5 L Laumière 87
36%
7 P Pont Marie 20
36%
13 S Saint-François-Xavier 15
36%
7 S Sully - Morland 32
36%
8 C Charenton - Écoles 82
29%
Aucun quiz correspondant
Distribution des résultats
% des personnes avec chaque résultat
Percentile par nombre de réponses
Votre historique - résultats
Vous n’avez pas pris ce quiz